000 00722nam a2200289Ia 4500
005 20260324123117.0
008 008 260324s9999 xx 000 0 eng d
020 _a9780203118979
037 _aEBOOK
040 _aCRL
040 _beng
040 _cCRL
041 _2eng
041 _aeng
084 _qCRL
100 _aAlyssa Bryant Rockenbach; Matthew J. Mayhew
_91169061
245 0 _aSpirituality in College Students' Lives
245 0 _bTranslating Research into Practice
260 _bTaylor and Francis
260 _c2012
365 _a
365 _b240
856 _uhttp://www.taylorfrancis.com/books/9780203118979
942 _cEBOOK
999 _c1762295
_d1762295